000 00576nam a22001937a 4500
003 GBCCL
005 20251128140400.0
008 180703b ||||| |||| 00| 0 eng d
020 _a1585161810
020 _a1585165085
040 _cGBC
082 _a220.52082
_bBIB
245 _aGood News Bible with Deuterocanonicals/ Apocrypha:
_bJubilee Edition
250 _aToday's English Version
260 _aNew York :
_bAmerican Bible society,
_c2000, 1993
300 _axxvii + 353 + 1366 + 80p.
_bRef., ill., maps.
_c21cm
650 _aBible
_vEnglish
_912281
942 _2ddc
_cREF
999 _c6910
_d6910